LIBRARY & INFORMATION CENTRE, KCAET, TAVANUR

ONLINE PUBLIC ACCESS CATALOGUE (OPAC)

Introduction to modern physics / (Record no. 1662)

MARC details
000 -LEADER
fixed length control field 00513cam a2200205ua 4500
041 ## - LANGUAGE CODE
Language code of text/sound track or separate title eng
082 ## - DEWEY DECIMAL CLASSIFICATION NUMBER
Classification number 539
Item number RIC/IN
100 ## - MAIN ENTRY--AUTHOR NAME
Personal name Richtmyer, F.K .
245 00 - TITLE STATEMENT
Title Introduction to modern physics /
250 ## - EDITION STATEMENT
Edition statement 5 /
260 ## - PUBLICATION, DISTRIBUTION, ETC. (IMPRINT)
Place of publication New York :
Name of publisher Mc Graw Hill Book Company ,
Year of publication 1995.
300 ## - PHYSICAL DESCRIPTION
Number of Pages 666 ; .
700 1# - ADDED ENTRY--PERSONAL NAME
Personal name Kennard, E.H .
700 1# - ADDED ENTRY--PERSONAL NAME
Personal name Lauritsen, T .
942 ## - ADDED ENTRY ELEMENTS (KOHA)
Koha item type Books
Holdings
Withdrawn status Lost status Damaged status Home library Current library Date acquired Full call number Accession Number Koha item type
Withdrawn     KAUAET KAUAET 07/04/2012 539 3653 Books
free website counter